Sólo hay que atreverse (Registro nro. 16987)

Detalles MARC
000 -CABECERA
Longitud fija campo de control 00741nam a2200229 i 4500
003 - IDENTIFICADOR DELl NÚMERO DE CONTROL
Identificador del número de control OSt
005 - FECHA Y HORA DE LA ÚLTIMA TRANSACCIÓN
Fecha y hora de la última transacción 20150220113143.0
008 - CÓDIGOS DE INFORMACIÓN DE LONGITUD FIJA
Códigos de información de longitud fija 921026s1990 sp | | | spa d
020 ## - NÚMERO INTERNACIONAL NORMALIZADO PARA LIBROS
Número Internacional Normalizado para Libros (ISBN) 84-239-7128-7
040 ## - FUENTE DE LA CATALOGACIÓN
Centro transcriptor BMC
082 ## - NÚMERO DE LA CLASIFICACIÓN DECIMAL DEWEY
Númeroo de clasificación 808.06843
100 1# - PUNTO DE ACCESO PRINCIPAL-NOMBRE DE PERSONA
Nombre de persona Pressler, Mirjam
9 (RLIN) 29749
245 10 - MENCIÓN DE TÍTULO
Título Sólo hay que atreverse
Resto del título : 9 historias para infundir valor
Mención de responsabilidad, etc. Mirjam Pressler ; traducción de Amalid Bermejo ; ilustraciones de Eulalia Sairola
260 ## - PUBLICACIÓN, DISTRIBUCIÓN, ETC. (PIE DE IMPRENTA)
Lugar de publicación, distribución, etc. Madrid
Nombre del editor, distribuidor, etc. Espasa-Calpe
Fecha de publicación, distribución, etc. 1990
300 ## - DESCRIPCIÓN FÍSICA
Extensión 91 p.
Otras características físicas il.
Dimensiones 18 cm
490 ## - MENCIÓN DE SERIE
Mención de serie Austral juvenil
Designación de volumen o secuencia 128
546 ## - NOTA DE LENGUA
Nota de lengua Traducción de : Tran-dich-Geschichten
650 24 - PUNTO DE ACCESO ADICIONAL DE MATERIA - TÉRMINO DE MATERIA
9 (RLIN) 26311
Término de materia o nombre geográfico como elemento inicial Cuentos alemanes
700 1# - PUNTO DE ACCESO ADICIONAL - NOMBRE DE PERSONA
Nombre de persona Bermejo, Amalia
9 (RLIN) 29750
700 1# - PUNTO DE ACCESO ADICIONAL - NOMBRE DE PERSONA
Nombre de persona Sariola, Eulàlia
9 (RLIN) 29748
942 ## - ENTRADA DE ELEMENTOS AGREGADOS (KOHA)
Fuente de clasificaión o esquema Dewey Decimal Classification
Koha [por defecto] tipo de item 1- Monografias
Existencias
Suprimido Perdido Fuente de clasificación o esquema Estropeado Restricciones de uso No para préstamo Código de colección Localización permanente Localización actual Localización en estanter&íacute;as Fecha adquisición Fuente de adquisición Número de inventario Préstamos totales Signatura completa Código de barras Fecha última consulta Fecha último préstamo Coste, precio reemplazado Fecha del precio de reemplazo Tipo de item de Koha
NULL NULL Dewey Decimal Classification NULL Prestable NULL NULL Biblioteca Miguel de Cervantes - UNICAES Biblioteca Miguel de Cervantes - UNICAES Sala Principal 22/12/2014 Donación - Enpade 026327 1 C PRE sol 1026737 04/04/2017 04/04/2017 8.00 22/12/2014 1- Monografias